[Event "Flint (MI Senior/2/2)"]
[Site "?"]
[Date "1994.??.??"]
[Round "?"]
[White "Finegold, Ron"]
[Black "Brown, Ralph"]
[Result "1-0"]
[WhiteElo "2210"]
[BlackElo "1665"]
[PlyCount "66"]
[EventDate "1994.??.??"]

{2/(2)} 1. Nf3 Nc6 2. b3 d5 3. Bb2 Bg4 4. e3 e6 5. Bb5 f6 6. d4 Bd6 7. h3 Bh5
8. Bxc6+ bxc6 9. Nbd2 Qe7 10. O-O Ba3 11. Bxa3 Qxa3 12. e4 Ne7 13. Re1 Qd6 14.
e5 Qd7 15. g4 Bf7 16. b4 Ng6 17. exf6 gxf6 18. Nb3 Nf4 19. Nc5 Qd6 20. Nb7
Nxh3+ 21. Kg2 Nf4+ 22. Kh2 Qf8 23. Kg3 Ng6 24. c3 h5 25. Qa4 Qh6 26. g5 h4+ 27.
Kh2 Qh5 28. Qxc6+ Kf8 29. Re3 Nf4 30. Rg1 Rg8 31. Qxc7 fxg5 32. Qd6+ Ke8 33.
Qe5 Ke7 1-0

[Event "Eastpointe (MI Action/2/2)"]
[Site "?"]
[Date "1994.??.??"]
[Round "?"]
[White "Finegold, Mark"]
[Black "Walker, LeRoy"]
[Result "0-1"]
[WhiteElo "2255"]
[BlackElo "1875"]
[PlyCount "70"]
[EventDate "1994.??.??"]

{2/(2)} 1. e4 c5 2. c3 e6 3. d4 cxd4 4. cxd4 d5 5. e5 Nc6 6. Nf3 Qb6 7. Nc3 Bd7
8. Be2 Bb4 9. O-O Nge7 10. Na4 Qd8 11. a3 Ba5 12. Nc5 Rb8 13. b4 Bb6 14. Bg5 h6
15. Bxe7 Nxe7 16. Qd2 a6 17. a4 O-O 18. b5 axb5 19. Bxb5 Bxb5 20. axb5 Nf5 21.
Rfc1 Qe7 22. Na4 Qd8 23. Qb4 Ba5 24. Qa3 b6 25. Rc6 Nh4 26. Rac1 Nxf3+ 27. Qxf3
Qh4 28. Qe3 Qg4 29. h3 Qf5 30. Kh2 Rb7 31. g3 Ra8 32. Kg2 Bd2 33. Rc8+ Kh7 34.
Qxd2 Rxa4 35. Kh2 Qe4 0-1

[Event "Eastpointe (MI Action/6/6)"]
[Site "?"]
[Date "1994.??.??"]
[Round "?"]
[White "Finegold, Mark"]
[Black "Schey, Danny"]
[Result "1-0"]
[WhiteElo "2255"]
[BlackElo "1765"]
[PlyCount "57"]
[EventDate "1994.??.??"]

{6/(6)} 1. e4 g6 2. d4 c6 3. Nf3 d5 4. e5 Bg4 5. c3 Nh6 6. Nbd2 Nf5 7. h3 Bxf3
8. Nxf3 h5 9. Bd3 e6 10. Bg5 Qb6 11. Qb3 Qxb3 12. axb3 c5 13. Bf6 Rg8 14. dxc5
Bxc5 15. g4 hxg4 16. hxg4 Ne7 17. Rh7 Nd7 18. Bb5 Nc6 19. Ng5 Nxf6 20. exf6
O-O-O 21. Ke2 Ne5 22. b4 Bb6 23. Nxf7 Nxf7 24. Rxf7 Rh8 25. Re7 d4 26. f7 Rhf8
27. cxd4 Bxd4 28. Rc1+ Kb8 29. Rcc7 1-0

[Event "Detroit (MI Op/4/7)"]
[Site "?"]
[Date "1994.??.??"]
[Round "?"]
[White "Finegold, Mark"]
[Black "Kebrdle, M."]
[Result "1/2-1/2"]
[WhiteElo "2225"]
[BlackElo "2060"]
[PlyCount "49"]
[EventDate "1994.??.??"]

{4/(7)} 1. e4 c6 2. d4 d5 3. e5 Bf5 4. c4 e6 5. Nc3 Nd7 6. cxd5 exd5 7. Nge2
Bb4 8. Ng3 Be6 9. Nh5 Bf8 10. Be2 g6 11. Nf4 Bb4 12. h4 Ne7 13. h5 Qa5 14. hxg6
Nxg6 15. Nxg6 fxg6 16. Bg5 Bxc3+ 17. bxc3 Qxc3+ 18. Kf1 O-O 19. Rb1 Qg3 20. Bf6
Qa3 21. Rb3 Qxa2 22. Be7 Rf7 23. Ra3 Qb2 24. Rb3 Qa2 25. Ra3 1/2-1/2

[Event "Eastpointe (MI Action/4/4)"]
[Site "?"]
[Date "1994.??.??"]
[Round "?"]
[White "Finegold, Mark"]
[Black "Grams, Paul"]
[Result "1-0"]
[WhiteElo "2255"]
[BlackElo "1815"]
[PlyCount "57"]
[EventDate "1994.??.??"]

{4/(4)} 1. e4 c5 2. c3 e5 3. Nf3 Nc6 4. Bc4 Nf6 5. d3 Be7 6. O-O O-O 7. Nbd2 a6
8. a4 Na5 9. Ba2 Qc7 10. Re1 b5 11. Nf1 Bb7 12. Ne3 Rfd8 13. Bd2 c4 14. Nf5 Bf8
15. Bg5 d5 16. exd5 Rxd5 17. Qc1 Nd7 18. dxc4 bxc4 19. Be7 f6 20. Bb4 Rc8 21.
Ne3 Nc5 22. Bxa5 Qxa5 23. Bxc4 Ne6 24. b4 Qd8 25. Bxd5 Bxd5 26. Rd1 Nf4 27. Qd2
e4 28. Nxd5 Nxd5 29. Ne1 1-0

[Event "Detroit (MI Op/6/2)"]
[Site "?"]
[Date "1994.??.??"]
[Round "?"]
[White "Finegold, Mark"]
[Black "Gardner, J."]
[Result "1-0"]
[WhiteElo "2225"]
[BlackElo "2295"]
[PlyCount "117"]
[EventDate "1994.??.??"]

{6/(2)} 1. e4 c5 2. c3 d5 3. exd5 Qxd5 4. d4 e5 5. Nf3 cxd4 6. cxd4 exd4 7.
Nxd4 Bd7 8. Nc3 Bb4 9. Be3 Nf6 10. Be2 Nc6 11. O-O Qe5 12. Nxc6 Bxc6 13. Bd4
Qg5 14. Bf3 O-O 15. Bxc6 bxc6 16. Qf3 Nd5 17. Ne4 Qg6 18. Rac1 Rfe8 19. Ng3 Bd2
20. Rc4 Qe6 21. Nf5 Nf4 22. Qg4 Qg6 23. Qxg6 hxg6 24. Be3 Rad8 25. Ng3 g5 26.
Bxa7 Ra8 27. Bd4 Rxa2 28. Rxc6 Ne6 29. Bc3 Bxc3 30. bxc3 Rb8 31. Ne4 Rbb2 32.
g3 g4 33. Kg2 Kh7 34. h4 Kg6 35. Ng5 Kf6 36. Nxe6 fxe6 37. Rc4 Rc2 38. Rf4+ Ke5
39. Rxg4 Rxc3 40. Rxg7 Kf6 41. Rg8 Kf7 42. Rg4 Kf6 43. Rf4+ Kg6 44. Re1 Rc6 45.
Re5 Kg7 46. g4 Rb6 47. g5 Rc6 48. h5 Rb6 49. Rf6 Ra4 50. Kg3 Raa6 51. h6+ Kh7
52. Rf7+ Kg8 53. g6 Rb8 54. Rg5 Ra3+ 55. Kg2 Kh8 56. g7+ Kg8 57. h7+ Kxh7 58.
g8=Q+ Kh6 59. Qg6# 1-0

[Event "Detroit (MI Op/2/10)"]
[Site "?"]
[Date "1994.??.??"]
[Round "?"]
[White "Finegold, Mark"]
[Black "Aldrich, Jeff"]
[Result "1-0"]
[WhiteElo "2225"]
[BlackElo "1950"]
[PlyCount "65"]
[EventDate "1994.??.??"]

{2/(10)} 1. e4 c6 2. d4 d5 3. Nd2 dxe4 4. Nxe4 Nd7 5. Bc4 e6 6. Nf3 Ngf6 7. Ng3
c5 8. O-O Nb6 9. Be2 Bd7 10. Bg5 h6 11. Bxf6 Qxf6 12. Ne4 Qf5 13. Bd3 Qd5 14.
dxc5 Bxc5 15. c4 Qh5 16. Ng3 Qg4 17. Re1 Qf4 18. Re5 Bd6 19. Nh5 Bxe5 20. Nxf4
Bxf4 21. Qe2 Rd8 22. b3 Bd6 23. Rd1 Bc6 24. Bc2 Ke7 25. Nd4 g6 26. Bxg6 Kf6 27.
Be4 Bxe4 28. Qxe4 Bc5 29. Qf4+ Kg6 30. Rd3 f6 31. Qe4+ Kf7 32. Qxe6+ Kg6 33.
Rg3+ 1-0

[Event "Detroit (MI Op/3/19)"]
[Site "?"]
[Date "1994.??.??"]
[Round "?"]
[White "Finegold, Gina"]
[Black "Poenisch, Volker"]
[Result "1-0"]
[WhiteElo "2090"]
[BlackElo "1885"]
[PlyCount "63"]
[EventDate "1994.??.??"]

{3/(19)} 1. d4 d5 2. c4 e6 3. Nc3 Nf6 4. Bg5 c6 5. e3 Nbd7 6. Nf3 Qa5 7. Nd2
Bb4 8. Qc2 dxc4 9. Bxf6 Nxf6 10. Nxc4 Bxc3+ 11. bxc3 Qc7 12. Bd3 b6 13. e4 Bb7
14. e5 Nd5 15. Nd6+ Ke7 16. O-O c5 17. Qd2 h6 18. Be4 Bc6 19. c4 Nb4 20. d5
exd5 21. cxd5 Ba4 22. Qf4 Kf8 23. a3 Na6 24. Bg6 Be8 25. Bxf7 Bxf7 26. e6 Rh7
27. Qxf7+ Qxf7 28. Nxf7 Nc7 29. Rad1 Re8 30. f4 Nxe6 31. dxe6 Rxe6 32. Ne5 1-0

[Event "Detroit (MI Op/5/14)"]
[Site "?"]
[Date "1994.??.??"]
[Round "?"]
[White "Finegold, Gina"]
[Black "Golonka, Stan"]
[Result "1/2-1/2"]
[WhiteElo "2090"]
[BlackElo "1935"]
[PlyCount "66"]
[EventDate "1994.??.??"]

{5/(14)} 1. d4 c5 2. d5 e5 3. c4 d6 4. e4 Nf6 5. Nc3 Be7 6. h3 Nbd7 7. g4 h6 8.
Nge2 Nf8 9. Ng3 g5 10. Nf5 Ng6 11. Ng7+ Kf8 12. Nf5 Nf4 13. h4 Bxf5 14. exf5
gxh4 15. Bxf4 exf4 16. Qf3 Nd7 17. Qxf4 Ne5 18. Qe4 h5 19. gxh5 Rxh5 20. Be2
Rh8 21. O-O-O Bf6 22. Rdg1 a6 23. f4 Nd7 24. Qf3 Qa5 25. Rg4 Re8 26. Ne4 Qxa2
27. Nxf6 Nxf6 28. Rgxh4 Rxh4 29. Rxh4 Qa1+ 30. Kc2 Qe1 31. Rh8+ Ng8 32. Bd3 Re3
33. Qg4 Qf2+ 1/2-1/2

[Event "Detroit (MI Op/7/7)"]
[Site "?"]
[Date "1994.??.??"]
[Round "?"]
[White "Finegold, Gina"]
[Black "Fischvogt, Eric"]
[Result "0-1"]
[WhiteElo "2090"]
[BlackElo "2245"]
[PlyCount "62"]
[EventDate "1994.??.??"]

{7/(7)} 1. d4 Nf6 2. c4 g6 3. Nc3 Bg7 4. e4 d6 5. f4 O-O 6. Nf3 a6 7. Bd3 c5 8.
d5 e6 9. O-O exd5 10. exd5 b5 11. cxb5 Nbd7 12. bxa6 Bxa6 13. Bxa6 Rxa6 14. f5
Nb6 15. fxg6 hxg6 16. Bg5 Qa8 17. Bxf6 Bxf6 18. Qd2 Na4 19. Ne4 Bxb2 20. Qh6
Bg7 21. Qh4 f6 22. Qg3 Qxd5 23. Qxg6 Qf7 24. Qg3 d5 25. Ned2 Nc3 26. Rae1 Re6
27. Ng5 Rxe1 28. Qxe1 Qh5 29. Qe6+ Kh8 30. Nh3 Qe5 31. Qg4 Qe3+ $138 0-1

[Event "Detroit (MI Op/1a/18)"]
[Site "?"]
[Date "1994.??.??"]
[Round "?"]
[White "Finegold, Gina"]
[Black "Calton, David A"]
[Result "0-1"]
[WhiteElo "2090"]
[BlackElo "1845"]
[PlyCount "60"]
[EventDate "1994.??.??"]

1. d4 g6 2. c4 d6 3. Nc3 Bg7 4. e4 Nc6 5. Be3 e5 6. Nge2 f5 7. dxe5 Nxe5 8.
exf5 Bxf5 9. Nd4 Ne7 10. Be2 O-O 11. f4 N5c6 12. g4 Bd7 13. Qd2 Nxd4 14. Bxd4
Nc6 15. Bxg7 Qh4+ 16. Kd1 Kxg7 17. h3 Rae8 18. Nd5 Qf2 19. Rf1 Qg2 20. Qd3 Kg8
21. Re1 Qf2 22. Nxc7 Re3 23. Qc2 Rxf4 24. Nd5 Rff3 25. Nxe3 Qxe3 26. Bd3 Qxd3+
27. Qxd3 Rxd3+ 28. Kc2 Nb4+ 29. Kc1 Rxh3 30. Rd1 Bxg4 0-1

[Event "Detroit (MCO/Ch/2a/1)"]
[Site "?"]
[Date "1994.??.??"]
[Round "?"]
[White "Finegold, Ben"]
[Black "Strugach, L."]
[Result "1-0"]
[WhiteElo "2620"]
[BlackElo "2370"]
[PlyCount "41"]
[EventDate "1994.??.??"]

1. d4 Nf6 2. c4 e6 3. Nc3 Bb4 4. Qc2 c5 5. dxc5 Qa5 6. Bd2 Qxc5 7. e3 d5 8. a3
Bxc3 9. Bxc3 Nbd7 10. Rc1 a5 11. Bd4 Qc7 12. cxd5 Qxc2 13. Rxc2 exd5 14. Bb5
Ne4 15. Bxg7 Rg8 16. Be5 Ke7 17. Bg3 Rg6 18. Ne2 Rb6 19. a4 Nd6 20. Nf4 Nf6 21.
Bh4 1-0

[Event "Detroit (CAO/1/1)"]
[Site "?"]
[Date "1994.??.??"]
[Round "?"]
[White "Finegold, Ben"]
[Black "Ruelas, Erik"]
[Result "1-0"]
[WhiteElo "2615"]
[BlackElo "1605"]
[PlyCount "31"]
[EventDate "1994.??.??"]

{1/(1)} 1. d4 d5 2. Bg5 Nc6 3. e3 Bf5 4. c4 f6 5. cxd5 Qxd5 6. Nc3 Qd8 7. Bh4
Nb4 8. Qa4+ Nc6 9. d5 Bd7 10. dxc6 Bxc6 11. Bb5 Qd6 12. Rd1 Qe6 13. Nf3 a6 14.
Nd4 Bxb5 15. Ncxb5 Qc8 16. Nd6+ 1-0

[Event "Detroit (CAO/6/1)"]
[Site "?"]
[Date "1994.??.??"]
[Round "?"]
[White "Finegold, Ben"]
[Black "Moody, David"]
[Result "1-0"]
[WhiteElo "2615"]
[BlackElo "2000"]
[PlyCount "53"]
[EventDate "1994.??.??"]

{6/(1)} 1. d4 Nf6 2. c4 c5 3. d5 e6 4. Nc3 exd5 5. cxd5 d6 6. e4 g6 7. h3 Bg7
8. Nf3 O-O 9. Bd3 Re8 10. O-O c4 11. Bxc4 Nxe4 12. Nxe4 Rxe4 13. Bd3 Re8 14.
Bg5 Qa5 15. Re1 Rxe1+ 16. Qxe1 Qxe1+ 17. Rxe1 Bd7 18. Bf4 Bf8 19. Rc1 Na6 20.
Bxa6 bxa6 21. Rc7 Bb5 22. Nd4 Re8 23. Nxb5 axb5 24. Kf1 Re4 25. Be3 Re5 26. Rc8
Kg7 27. Bd4 1-0

[Event "Eastpointe (MI Action/3/1)"]
[Site "?"]
[Date "1994.??.??"]
[Round "?"]
[White "Finegold, Ben"]
[Black "Mailing, Ian"]
[Result "1-0"]
[WhiteElo "2590"]
[BlackElo "2075"]
[PlyCount "43"]
[EventDate "1994.??.??"]

{3/(1)} 1. d4 Nf6 2. c4 c5 3. d5 b5 4. cxb5 a6 5. f3 e6 6. e4 exd5 7. e5 Qe7 8.
Qe2 Ng8 9. Nc3 Qe6 10. Nh3 d4 11. Nf4 Qb6 12. Ncd5 Qb7 13. b6 Ne7 14. Nc7+ Kd8
15. Nxa8 Qxa8 16. Bd2 Nbc6 17. Rc1 Ng6 18. Nxg6 hxg6 19. Qe4 Qb8 20. Bg5+ Ke8
21. e6 Qxb6 22. exd7+ 1-0

[Event "Detroit (CAO/3/1)"]
[Site "?"]
[Date "1994.??.??"]
[Round "?"]
[White "Finegold, Ben"]
[Black "Gabbara, Faris"]
[Result "1-0"]
[WhiteElo "2615"]
[BlackElo "2155"]
[PlyCount "55"]
[EventDate "1994.??.??"]

{3/(1)} 1. d4 d5 2. c4 e6 3. Nc3 c5 4. e3 Nf6 5. Nf3 Nc6 6. a3 a6 7. cxd5 exd5
8. dxc5 Bxc5 9. Be2 O-O 10. O-O Be6 11. b4 Ba7 12. Bb2 Rc8 13. b5 axb5 14. Nxb5
Bb8 15. Rc1 Qe7 16. a4 Na5 17. Ba3 Rxc1 18. Qxc1 Qd7 19. Bxf8 Kxf8 20. Rd1 Ne4
21. Qb2 Nc5 22. e4 b6 23. exd5 Bg4 24. d6 Bxf3 25. Bxf3 Nxa4 26. Qc2 Qxb5 27.
Qc8+ Qe8 28. d7 1-0

[Event "Detroit (WCO/4/1)"]
[Site "?"]
[Date "1994.??.??"]
[Round "?"]
[White "Finegold, Ben"]
[Black "Drkulec, Vladimir"]
[Result "1-0"]
[WhiteElo "2580"]
[BlackElo "2225"]
[PlyCount "71"]
[EventDate "1994.??.??"]

{4/(1)} 1. d4 Nf6 2. c4 c5 3. d5 b5 4. cxb5 a6 5. f3 axb5 6. e4 Qa5+ 7. Bd2 b4
8. Na3 Ba6 9. Nc4 Bxc4 10. Bxc4 d6 11. a3 g6 12. Ra2 Qb6 13. axb4 Rxa2 14. Bxa2
Bg7 15. bxc5 Qxc5 16. Qc1 Nfd7 17. Qxc5 Nxc5 18. b4 Na4 19. Bb3 Nb6 20. Ne2 O-O
21. Bg5 Re8 22. Be3 N8d7 23. Kd2 Rc8 24. Rc1 Rxc1 25. Kxc1 Kf8 26. Kc2 Be5 27.
h3 Bf6 28. Nd4 Bh4 29. Nc6 Be1 30. Kd3 Ke8 31. f4 f6 32. Bd1 Bg3 33. Bg4 Be1
34. Bxd7+ Nxd7 35. b5 Bg3 36. Ke2 1-0

[Event "Eastpointe (MI Action/5/1)"]
[Site "?"]
[Date "1994.??.??"]
[Round "?"]
[White "Finegold, Ben"]
[Black "Calton, Bill"]
[Result "1-0"]
[WhiteElo "2590"]
[BlackElo "2220"]
[PlyCount "92"]
[EventDate "1994.??.??"]

{5/(1)} 1. d4 g6 2. e4 Bg7 3. c4 d6 4. Nc3 Nc6 5. Be3 e5 6. d5 Nce7 7. g4 Nf6
8. Be2 h5 9. g5 Nh7 10. Nf3 O-O 11. Qd2 Bd7 12. O-O-O a6 13. Kb1 Qb8 14. c5 Nc8
15. Rc1 Rd8 16. Rhg1 c6 17. Nh4 Ne7 18. Bc4 b5 19. cxb6 c5 20. Ne2 Qxb6 21. Ng3
Nf8 22. Be2 Qb4 23. Qxb4 cxb4 24. Rc2 Nc8 25. Rgc1 Be8 26. Nf3 Nd7 27. Bxa6
Ncb6 28. Bb5 Na4 29. Bc6 Ra5 30. Bd2 Nac5 31. Bxb4 Ra6 32. Bxd7 Nxd7 33. Rc8
Rxc8 34. Rxc8 Kf8 35. Rc6 Ra8 36. Bxd6+ Kg8 37. Rc7 f6 38. Be7 fxg5 39. Nxg5 h4
40. Nf1 Nb6 41. Ne6 Bh6 42. Ne3 Bxe3 43. fxe3 Nd7 44. Bxh4 Kh7 45. Nc5 g5 46.
Bg3 Kg6 1-0

[Event "Detroit (MCO/Ch/6/1)"]
[Site "?"]
[Date "1994.??.??"]
[Round "?"]
[White "Finegold, Ben"]
[Black "Brooks, John"]
[Result "1-0"]
[WhiteElo "2620"]
[BlackElo "2225"]
[PlyCount "73"]
[EventDate "1994.??.??"]

{6/(1)} 1. d4 Nf6 2. c4 e6 3. Nc3 d5 4. Bg5 Bb4 5. e3 h6 6. Bh4 c5 7. cxd5 Qa5
8. Bxf6 Bxc3+ 9. bxc3 Qxc3+ 10. Ke2 Qb2+ 11. Kf3 gxf6 12. Qc1 Qxc1 13. Rxc1
exd5 14. Rxc5 Bd7 15. Bb5 Nc6 16. Ne2 a6 17. Bd3 b6 18. Rc3 Rg8 19. h3 Nb4 20.
Bb1 Ke7 21. Rb3 Nc6 22. Rxb6 Rab8 23. Rxb8 Rxb8 24. Nc3 Kd6 25. Bd3 Rc8 26. Rc1
Nb4 27. Bb1 Nc6 28. Ke2 Rg8 29. g4 h5 30. gxh5 Bxh3 31. h6 Rh8 32. h7 Bg4+ 33.
f3 Bh5 34. Nxd5 Nxd4+ 35. exd4 Bxf3+ 36. Kxf3 Kxd5 37. Rg1 1-0

[Event "Eastpointe (MI Action/1/1)"]
[Site "?"]
[Date "1994.??.??"]
[Round "?"]
[White "Finegold, Ben"]
[Black "Boyle, John"]
[Result "1-0"]
[WhiteElo "2590"]
[BlackElo "1605"]
[PlyCount "49"]
[EventDate "1994.??.??"]

{1/(1)} 1. d4 d5 2. c4 e6 3. Nc3 Nf6 4. Bg5 Be7 5. e3 O-O 6. Nf3 Nbd7 7. Qc2 c5
8. cxd5 exd5 9. Be2 b6 10. O-O Bb7 11. Rfd1 Ne4 12. Bf4 Ndf6 13. dxc5 bxc5 14.
Nxd5 Bxd5 15. Bc4 Qb6 16. Bxd5 Nd6 17. Bxa8 Rxa8 18. Rac1 Nb7 19. Ne5 Rc8 20.
Nc4 Qe6 21. Qb3 Qa6 22. h3 Ne4 23. Rd7 Nbd6 24. Nxd6 Bxd6 25. Qxf7+ 1-0

[Event "Grand Rapids (MI Am/4/40)"]
[Site "?"]
[Date "1994.??.??"]
[Round "?"]
[White "Filipek, G."]
[Black "Russell, J."]
[Result "0-1"]
[WhiteElo "1605"]
[BlackElo "1605"]
[PlyCount "62"]
[EventDate "1994.??.??"]

{4/(40)} 1. e4 c5 2. Nf3 d6 3. Bc4 Nc6 4. O-O e5 5. Nc3 Nf6 6. Bb5 Bd7 7. Bxc6
Bxc6 8. d3 Be7 9. b3 a6 10. Bd2 O-O 11. Bg5 b5 12. Qd2 b4 13. Nd5 Nxd5 14. exd5
Bxd5 15. Bxe7 Qxe7 16. c4 bxc3 17. Qxc3 f6 18. Nh4 Qe6 19. g3 e4 20. Rfe1 f5
21. f3 e3 22. Re2 f4 23. g4 Rae8 24. d4 c4 25. b4 Rf6 26. h3 Rh6 27. Nf5 Rxh3
28. Nxe3 Bxf3 29. d5 Rh1+ 30. Kf2 Rh2+ 31. Kxf3 Qe4# 0-1

[Event "Grand Rapids (MI Am/1/39)"]
[Site "?"]
[Date "1994.??.??"]
[Round "?"]
[White "Filipek, G."]
[Black "Gregg, Ted"]
[Result "0-1"]
[WhiteElo "1605"]
[BlackElo "1605"]
[PlyCount "103"]
[EventDate "1994.??.??"]

{1/(39)} 1. e4 e5 2. Bd3 Nf6 3. Nf3 Nc6 4. c3 Bc5 5. Na3 O-O 6. O-O d6 7. Nc4
Bg4 8. b4 Bb6 9. Nxb6 axb6 10. Bb5 Ne7 11. Qe2 c6 12. Bc4 d5 13. exd5 cxd5 14.
Qxe5 dxc4 15. b5 Bxf3 16. gxf3 Ned5 17. a4 Re8 18. Qd4 Qc7 19. Bb2 Re7 20. Bc1
Rd8 21. d3 cxd3 22. Qxd3 Nf4 23. Qf5 Nd3 24. Be3 Rd5 25. Qh3 Rh5 26. Qg3 Qxg3+
27. hxg3 Nc5 28. Rad1 g6 29. Bd4 Nfd7 30. Rfe1 Rxe1+ 31. Rxe1 Kf8 32. Rd1 Nxa4
33. Be3 Ke7 34. Rd4 Nxc3 35. Rd2 Rxb5 36. Bd4 Nd5 37. Re2+ Kd6 38. Re8 f5 39.
f4 N7f6 40. Rd8+ Kc7 41. Rf8 Ne4 42. Rf7+ Kc6 43. Rxh7 Rb1+ 44. Kg2 Rd1 45. Be5
Rd2 46. Rh1 Rxf2+ 47. Kh3 Rf3 48. Kg2 Rxg3+ 49. Kh2 b5 50. Rc1+ Ndc3 51. Bf6
Nxf6 52. Kxg3 {[Black played the illegal 52...Ne2+, and White resigned.]} 0-1

[Event "Detroit (MOR/4/58)"]
[Site "?"]
[Date "1994.??.??"]
[Round "?"]
[White "Fields, W."]
[Black "Smeckert, Dennis"]
[Result "0-1"]
[WhiteElo "1605"]
[BlackElo "1605"]
[PlyCount "62"]
[EventDate "1994.??.??"]

{4/(58)} 1. c4 e5 2. g3 Nf6 3. Bg2 d6 4. Nc3 Nc6 5. e4 Be7 6. Nge2 O-O 7. d3
Bd7 8. O-O Ne8 9. Nd5 f5 10. b4 Bg5 11. Rb1 Bxc1 12. Qxc1 Ne7 13. Nec3 c6 14.
Nxe7+ Qxe7 15. f4 exf4 16. Rxf4 Qe5 17. Ne2 Nc7 18. Rh4 Ne6 19. Qd2 g5 20. Rh5
f4 21. d4 Qg7 22. gxf4 Rxf4 23. Rb3 Rh4 24. Rh3 Rxh3 25. Bxh3 h6 26. Bg4 Rf8
27. Qe3 Qf6 28. Bf5 Ng7 29. Rh3 Nxf5 30. exf5 Qxf5 31. Kg2 Qf1+ 0-1

[Event "Detroit (MOR/6/62)"]
[Site "?"]
[Date "1994.??.??"]
[Round "?"]
[White "Fields, W."]
[Black "Krzyston, Joe"]
[Result "1-0"]
[WhiteElo "1605"]
[BlackElo "1605"]
[PlyCount "67"]
[EventDate "1994.??.??"]

{6/(62)} 1. c4 Nf6 2. g3 g6 3. Bg2 Bg7 4. Nc3 O-O 5. e3 e6 6. Nge2 c6 7. Rb1
Qc7 8. b3 d5 9. Bb2 Nbd7 10. O-O Nh5 11. g4 Nhf6 12. Ng3 Re8 13. h3 Nf8 14. Kh1
b6 15. f4 Bb7 16. Rf2 Rab8 17. Qf1 Ba6 18. Qe1 Bb7 19. e4 N6d7 20. Re2 e5 21.
f5 Nf6 22. g5 N6d7 23. f6 Bh8 24. Qg1 Nc5 25. Re3 Nfe6 26. h4 Nd4 27. d3 b5 28.
Qh2 Rbd8 29. h5 b4 30. hxg6 fxg6 31. Nce2 Nc2 32. Rf3 d4 33. f7+ Kg7 34. Qh6#
1-0

[Event "Detroit (MOR/1b/26)"]
[Site "?"]
[Date "1994.??.??"]
[Round "?"]
[White "Fields, W."]
[Black "Boyle, John"]
[Result "0-1"]
[WhiteElo "1605"]
[BlackElo "1605"]
[PlyCount "58"]
[EventDate "1994.??.??"]

1. c4 c5 2. g3 d6 3. Bg2 Nf6 4. Nc3 g6 5. e3 Bg7 6. Nge2 Nc6 7. O-O Be6 8. e4
Bxc4 9. d3 Be6 10. f4 Qd7 11. Kh1 Bh3 12. Be3 Bxg2+ 13. Kxg2 Ng4 14. Bg1 O-O
15. h3 Nf6 16. Rc1 a6 17. a4 Rab8 18. Rf3 b5 19. Qe1 bxa4 20. Nxa4 Nd4 21. Nxd4
Qxa4 22. b3 Qd7 23. Ne2 Rxb3 24. g4 Qb5 25. Qg3 Rb2 26. Re1 c4 27. e5 dxe5 28.
fxe5 Nd7 29. d4 Rc8 {[Remainder illegible; 0-1, 53?]} 0-1

[Event "Detroit (Class DE/2/16)"]
[Site "?"]
[Date "1994.??.??"]
[Round "?"]
[White "Felton, H."]
[Black "Holland, K."]
[Result "0-1"]
[WhiteElo "1605"]
[BlackElo "1605"]
[PlyCount "68"]
[EventDate "1994.??.??"]

{2/(16)} 1. d4 d5 2. c4 e6 3. Nc3 Bb4 4. Qc2 c5 5. Nf3 Nc6 6. e3 Qf6 7. a3 Ba5
8. cxd5 exd5 9. Bb5 a6 10. Bxc6+ Qxc6 11. Bd2 Ne7 12. O-O Qg6 13. Qa4+ Nc6 14.
Nxd5 Bh3 15. g3 Bxf1 16. Nc7+ Bxc7 17. Kxf1 O-O 18. Rc1 cxd4 19. Nxd4 Qd3+ 20.
Kg1 Qxd2 21. Qc2 Qxc2 22. Rxc2 Be5 23. Nxc6 bxc6 24. Rxc6 Bxb2 25. a4 Rfd8 26.
Kg2 Rd2 27. Rc4 Be5 28. Kf3 f6 29. h3 Ra2 30. g4 Rd8 31. Ke4 Rxf2 32. h4 Rh2
33. h5 Rh4 34. Kf5 Kf7 0-1

[Event "Detroit (MI Op/7/1)"]
[Site "?"]
[Date "1994.??.??"]
[Round "?"]
[White "Feldman, Steve"]
[Black "Tsemekhman, Vadim"]
[Result "1/2-1/2"]
[WhiteElo "2295"]
[BlackElo "2460"]
[PlyCount "49"]
[EventDate "1994.??.??"]

{7/(1)} 1. d4 Nf6 2. c4 g6 3. Nc3 Bg7 4. e4 d6 5. Nf3 O-O 6. h3 e5 7. d5 Na6 8.
Bg5 Qe8 9. g4 Kh8 10. Be2 Bd7 11. Nd2 Ng8 12. h4 Bh6 13. Bxh6 Nxh6 14. g5 Ng8
15. Nf1 f5 16. Nd2 Nc5 17. Qc2 fxe4 18. Ndxe4 Qf7 19. O-O-O Qf4+ 20. Kb1 Bf5
21. Bd3 Nxd3 22. Qxd3 h5 23. gxh6 Nf6 24. f3 Nh5 25. Ne2 1/2-1/2

[Event "Detroit (MI Op/6/3)"]
[Site "?"]
[Date "1994.??.??"]
[Round "?"]
[White "Feldman, Steve"]
[Black "Hahn, David"]
[Result "1-0"]
[WhiteElo "2295"]
[BlackElo "2230"]
[PlyCount "59"]
[EventDate "1994.??.??"]

{6/(3)} 1. d4 d6 2. c4 f5 3. Nc3 Nf6 4. g3 g6 5. Bg2 Bg7 6. Nh3 O-O 7. d5 Na6
8. Nf4 Qe8 9. O-O c6 10. Rb1 Nc5 11. b4 Nfe4 12. Nxe4 Nxe4 13. Bb2 Nc3 14. Bxc3
Bxc3 15. Qb3 Be5 16. dxc6 bxc6 17. c5+ Kh8 18. b5 Bd7 19. Nd3 Bf6 20. Nb4 Rb8
21. bxc6 a5 22. cxd7 Qxd7 23. c6 Qc8 24. a3 axb4 25. axb4 e6 26. Rfc1 d5 27. b5
Bd4 28. Qb4 Bb6 29. c7 Rb7 30. Qxf8+ 1-0

[Event "Detroit (MI Op/2/4)"]
[Site "?"]
[Date "1994.??.??"]
[Round "?"]
[White "Feldman, Steve"]
[Black "Chehayeb, Sal"]
[Result "1-0"]
[WhiteElo "2295"]
[BlackElo "2015"]
[PlyCount "87"]
[EventDate "1994.??.??"]

{2/(4)} 1. d4 f5 2. c4 Nf6 3. Nc3 g6 4. g3 Bg7 5. Bg2 d6 6. Nh3 O-O 7. d5 c6 8.
Nf4 e5 9. dxe6 Re8 10. O-O Bxe6 11. Nxe6 Rxe6 12. Rb1 Nbd7 13. b4 Ne5 14. Qb3
Nf7 15. b5 Qc7 16. bxc6 bxc6 17. Nb5 cxb5 18. Bxa8 bxc4 19. Qb8+ Qxb8 20. Rxb8+
Re8 21. Rxe8+ Nxe8 22. Bd5 c3 23. Be3 a6 24. Rb1 Kf8 25. Rb8 Ne5 26. h3 Nd7 27.
Rc8 h6 28. Kf1 Ke7 29. Ke1 g5 30. Kd1 f4 31. gxf4 gxf4 32. Ba7 Ndf6 33. Bf3 d5
34. Rxc3 Ne4 35. Ra3 Nc7 36. Bxe4 dxe4 37. Ra4 Nb5 38. Bc5+ Ke6 39. Rxa6+ Kd5
40. Bb6 Nc3+ 41. Kd2 Kc4 42. Ra7 Bf6 43. Rc7+ Kb5 44. Rxc3 1-0

[Event "Detroit (MOR/6/6)"]
[Site "?"]
[Date "1994.??.??"]
[Round "?"]
[White "Falkowski, Kenneth"]
[Black "Teper, G."]
[Result "1-0"]
[WhiteElo "1700"]
[BlackElo "1755"]
[PlyCount "101"]
[EventDate "1994.??.??"]

{6/(6)} 1. d4 d5 2. Nc3 Nf6 3. e4 dxe4 4. f3 e3 5. Bxe3 e6 6. Bd3 c5 7. Nge2
Nbd7 8. O-O a6 9. Kh1 Be7 10. Ne4 Nd5 11. Bg1 Qc7 12. a3 c4 13. Rc1 O-O 14. Nc5
cxd3 15. cxd3 Nxc5 16. dxc5 Bg5 17. f4 Nxf4 18. Ng3 Nxg2 19. Kxg2 Bxc1 20. Qxc1
Bd7 21. Bd4 e5 22. Be3 Qc6+ 23. Kf2 Rad8 24. Rg1 Bg4 25. Ne4 f5 26. Rxg4 fxg4+
27. Ke2 Qd5 28. Qc3 h6 29. Kd2 Rf3 30. Nf2 h5 31. Ke2 Rdf8 32. Ne4 Rd8 33. Ng5
Rxe3+ 34. Kxe3 Qd4+ 35. Qxd4 Rxd4 36. Ne6 Rd7 37. Ng5 Kf8 38. b4 Ke7 39. Ne4
Rd4 40. Ng3 g6 41. Ne2 Rd8 42. Ng3 h4 43. Ne4 Ke6 44. Nf2 g3 45. hxg3 hxg3 46.
Nh3 Kf5 47. Ng1 Kg4 48. a4 Rd4 49. b5 Rxa4 50. c6 Rd4 51. c7 1-0

[Event "Detroit (MOR/4/2)"]
[Site "?"]
[Date "1994.??.??"]
[Round "?"]
[White "Falkowski, Kenneth"]
[Black "Rosenberg, Steve"]
[Result "0-1"]
[WhiteElo "1700"]
[BlackElo "1770"]
[PlyCount "68"]
[EventDate "1994.??.??"]

{4/(2)} 1. d4 Nf6 2. Nc3 g6 3. e4 d6 4. Bc4 Bg7 5. Bg5 O-O 6. Qd2 e5 7. O-O-O
Qe8 8. h4 exd4 9. Qxd4 Ng4 10. Qd2 Qc6 11. Bd5 Qb6 12. Rf1 Be6 13. f3 Bxd5 14.
exd5 Ne5 15. Be3 Qa6 16. Nge2 Nc4 17. Qd3 Nd7 18. f4 Nc5 19. Bxc5 dxc5 20. h5
Rae8 21. hxg6 fxg6 22. Qh3 h6 23. Rf3 Rxe2 24. Nxe2 Qxa2 25. Kd1 Qb1+ 26. Nc1
Nxb2+ 27. Kd2 Nc4+ 28. Kd3 Qb5 29. Qe6+ Kh8 30. Rxh6+ Bxh6 31. Rh3 Nd6+ 32. Kd2
Qb4+ 33. c3 Qxf4+ 34. Kd3 Qd2# 0-1